000 00641nam a2200229 a 4500
005 20240803063819.0
008 190329s1998 mx r 000 0 spa d
020 _a8478444076
035 _aUPN01000229878
049 _aCG
050 4 _aPQ6623 E5
_bT7.3
100 1 _aMerino, José María,
_d1941-
_933356
245 1 4 _aLos trenes del verano /
_cJosé María Merino.
260 _aMadrid :
_bSiruela,
_c1998.
300 _a269 p.
440 0 _aEscolar de literatura
500 _aTítulo de la cubierta: No soy un libro
650 4 _aNovela española
_910814
740 0 _aNo soy un libro
905 _aLibro
999 _c201973
_d201973